[Event "AUS-ch Minor"]
[Site "Cammeray"]
[Date "2011.01.12"]
[Round "10"]
[White "Simmonds, Rex"]
[Black "Zoud, Badar"]
[Result "1-0"]
[WhiteElo "1485"]
[BlackElo "1428"]
[PlyCount "107"]
[EventDate "2011.01.02"]
[EventType "swiss"]
[EventRounds "11"]
[EventCountry "AUS"]
[SourceTitle "EXT 2012"]
[Source "ChessBase"]
[SourceDate "2011.11.24"]
[SourceVersion "1"]
[SourceVersionDate "2011.11.24"]
[SourceQuality "1"]

1. d4 Nf6 2. c4 e6 3. Nc3 c5 4. d5 exd5 5. cxd5 d6 6. e4 Be7 7. Nf3 a6 8. a4 0-0 9. Bd3 Bg4 10. h3 Bh5 11. Bf4 Nbd7 12. 0-0 Qc7 13. Qc2 Rfe8 14. Rfe1 Bf8 15. b3 Rac8 16. Rac1 Qa5 17. Bd2 Qc7 18. Nd1 Bxf3 19. gxf3 Ne5 20. Be2 Qd7 21. Kh2 Ng6 22. Qd3 Nh5 23. Bf1 Qe7 24. Ne3 Qh4 25. Ng4 Be7 26. Bg2 Bg5 27. Rg1 Nhf4 28. Bxf4 Nxf4 29. Qf1 Nh5 30. Rc4 Bf4+ 31. Kh1 g6 32. Qa1 Re5 33. Qb2 Rce8 34. Nxe5 Rxe5 35. Bf1 Nf6 36. b4 Rh5 37. bxc5 Be5 38. Qd2 Bf4 39. Qe2 dxc5 40. Rxc5 Kg7 41. Rc8 Bd6 42. Rc4 Qf4 43. e5 Qxe5 44. Qxe5 Rxe5 45. Bg2 b6 46. Rd1 Kf8 47. Rc6 Ke7 48. Rxb6 a5 49. Ra6 Bb4 50. d6+ Kd7 51. Ra7+ Ke6 52. Re7+ Kf5 53. Rxe5+ Kxe5 54. d7 1-0

[Event "AUS-ch Minor"]
[Site "Cammeray"]
[Date "2011.01.11"]
[Round "9"]
[White "Zoud, Badar"]
[Black "Parker, Trent"]
[Result "1/2-1/2"]
[WhiteElo "1428"]
[BlackElo "1506"]
[PlyCount "127"]
[EventDate "2011.01.02"]
[EventType "swiss"]
[EventRounds "11"]
[EventCountry "AUS"]
[SourceTitle "EXT 2012"]
[Source "ChessBase"]
[SourceDate "2011.11.24"]
[SourceVersion "1"]
[SourceVersionDate "2011.11.24"]
[SourceQuality "1"]

1. e4 e6 2. d4 d5 3. Nd2 Nf6 4. e5 Nfd7 5. Bd3 c5 6. c3 Nc6 7. Ngf3 Qb6 8. dxc5 Bxc5 9. Qe2 Qc7 10. Nb3 Be7 11. Bf4 0-0 12. 0-0 Qb6 13. Rfe1 f6 14. exf6 Nxf6 15. Ng5 Ne4 16. Be3 Qc7 17. Nxe4 dxe4 18. Bxe4 Bd6 19. g3 Bd7 20. Qd3 Ne5 21. Qe2 Nc4 22. Qc2 h6 23. Rad1 Nxe3 24. Rxe3 e5 25. Qd3 Rf6 26. Rf3 Raf8 27. Rxf6 Rxf6 28. Nd2 Qb6 29. Rf1 Bh3 30. Bg2 Bxg2 31. Kxg2 Rf8 32. Nc4 Qc6+ 33. f3 Bc7 34. Re1 Rd8 35. Qe4 Qb5 36. Re2 Re8 37. h4 Qc5 38. Nd2 Bb6 39. Qc4+ Kf8 40. Qxc5+ Bxc5 41. Nc4 b5 42. Nxe5 Kg8 43. f4 g5 44. hxg5 hxg5 45. Kf3 Kg7 46. Nd3 g4+ 47. Kxg4 Rxe2 48. Nxc5 Rxb2 49. a4 b4 50. cxb4 Rxb4 51. Kf5 Rc4 52. Ne6+ Kf7 53. a5 Ke7 54. Ke5 Ra4 55. Kd5 Rxa5+ 56. Nc5 Kf6 57. g4 Ra1 58. Kc6 a5 59. Kb5 Rg1 60. Kxa5 Rxg4 61. Nd3 Kf5 62. Kb4 Ke4 63. Nf2+ Kxf4 64. Nxg4 1/2-1/2

[Event "AUS-ch Minor"]
[Site "Cammeray"]
[Date "2011.01.10"]
[Round "8"]
[White "Wan, Dennis"]
[Black "Zoud, Badar"]
[Result "0-1"]
[WhiteElo "1544"]
[BlackElo "1428"]
[PlyCount "79"]
[EventDate "2011.01.02"]
[EventType "swiss"]
[EventRounds "11"]
[EventCountry "AUS"]
[SourceTitle "EXT 2012"]
[Source "ChessBase"]
[SourceDate "2011.11.24"]
[SourceVersion "1"]
[SourceVersionDate "2011.11.24"]
[SourceQuality "1"]

1. Nf3 Nf6 2. d4 g6 3. Nc3 d5 4. h3 Bg7 5. Bf4 c6 6. e3 Ne4 7. Nxe4 dxe4 8. Nd2 c5 9. c3 cxd4 10. exd4 f5 11. Bc4 Qb6 12. Qb3 Nd7 13. Bf7+ Kf8 14. Be6 Nc5 15. dxc5 Qxe6 16. 0-0-0 Qc6 17. Qa3 Be6 18. Nb3 Kf7 19. Nd4 Bxd4 20. cxd4 b6 21. Kb1 Rhd8 22. Rc1 b5 23. Be5 a5 24. Qe3 h5 25. Qh6 Rg8 26. g4 Qd5 27. b3 a4 28. gxf5 Bxf5 29. Qe3 axb3 30. Qxb3 Be6 31. Qxd5 Bxd5 32. c6 Bxa2+ 33. Kb2 Bd5 34. Rc5 Bc4 35. c7 Rgc8 36. Ra1 Rxa1 37. Kxa1 Ke8 38. Rc6 e6 39. h4 Kd7 40. Kb2 0-1

[Event "AUS-ch Minor"]
[Site "Cammeray"]
[Date "2011.01.09"]
[Round "7"]
[White "Zoud, Badar"]
[Black "Stokes, Mark"]
[Result "1/2-1/2"]
[WhiteElo "1428"]
[BlackElo "1532"]
[PlyCount "97"]
[EventDate "2011.01.02"]
[EventType "swiss"]
[EventRounds "11"]
[EventCountry "AUS"]
[SourceTitle "EXT 2012"]
[Source "ChessBase"]
[SourceDate "2011.11.24"]
[SourceVersion "1"]
[SourceVersionDate "2011.11.24"]
[SourceQuality "1"]

1. e4 c5 2. Nc3 e6 3. f4 d5 4. exd5 exd5 5. d4 Nf6 6. Nf3 Nc6 7. Be2 Be7 8. Be3 Ng4 9. Bg1 Qb6 10. Nxd5 Qxb2 11. Rb1 Qxa2 12. Nc7+ Kf8 13. Nxa8 Nb4 14. Bd3 c4 15. Be4 f5 16. Rxb4 Bxb4+ 17. Kf1 fxe4 18. Ne5 Nxe5 19. dxe5 Ke7 20. Be3 Rd8 21. Qc1 Bg4 22. Kf2 Ba3 23. Qb1 Qxb1 24. Rxb1 Rxa8 25. Rxb7+ Kf8 26. Bxa7 Bd1 27. c3 Rxa7 28. Rxa7 Bc5+ 29. Ke1 Bxa7 30. Kxd1 Bg1 31. Kd2 Bxh2 32. Ke3 Ke7 33. Kxe4 g6 34. f5 gxf5+ 35. Kxf5 Bg3 36. Ke4 Ke6 37. Kd4 Bxe5+ 38. Kxc4 Kf5 39. Kd3 Kg4 40. Ke2 Kg3 41. Kf1 Kh2 42. Kf2 h5 43. c4 Bg3+ 44. Kf3 h4 45. c5 Kh1 46. c6 Kh2 47. Kg4 Kxg2 48. c7 Bxc7 49. Kxh4 1/2-1/2

[Event "AUS-ch Minor"]
[Site "Cammeray"]
[Date "2011.01.02"]
[Round "1"]
[White "Case, Ivan"]
[Black "Zoud, Badar"]
[Result "0-1"]
[WhiteElo "1241"]
[BlackElo "1428"]
[PlyCount "110"]
[EventDate "2011.01.02"]
[EventType "swiss"]
[EventRounds "11"]
[EventCountry "AUS"]
[SourceTitle "EXT 2012"]
[Source "ChessBase"]
[SourceDate "2011.11.24"]
[SourceVersion "1"]
[SourceVersionDate "2011.11.24"]
[SourceQuality "1"]

1. e4 c5 2. Nf3 d6 3. d4 cxd4 4. Nxd4 Nf6 5. Nc3 a6 6. Be2 e6 7. Be3 Be7 8. 0-0 0-0 9. Nb3 b5 10. a3 Bb7 11. Nd2 Qc7 12. f4 Rd8 13. Bf3 d5 14. exd5 Nxd5 15. Nxd5 Bxd5 16. c3 Nc6 17. b4 Bc4 18. Rf2 Bf6 19. Rc1 Rac8 20. Qe1 Bd3 21. Ne4 Bh4 22. g3 Be7 23. Nc5 Bxc5 24. Bxc5 Bc4 25. Rd1 Ne7 26. Rxd8+ Rxd8 27. Rd2 Nd5 28. Rd4 a5 29. Qd2 axb4 30. cxb4 Ra8 31. Qc1 f5 32. Kf2 Qc8 33. Be2 Bxe2 34. Kxe2 Qa6 35. Rd3 Qc6 36. Kf2 Nf6 37. Kg1 Re8 38. Qd1 e5 39. fxe5 Rxe5 40. Re3 Rd5 41. Rd3 Re5 42. Re3 Rxc5 43. Qd8+ Kf7 44. Re7+ Kg6 45. bxc5 Qxc5+ 46. Kf1 Qxa3 47. Qc7 Qa1+ 48. Re1 Qd4 49. h4 Qd3+ 50. Re2 Ne4 51. Qc6+ Kh5 52. Qe8+ g6 53. Ke1 Qxg3+ 54. Kf1 Qf3+ 55. Ke1 Qh1# 0-1